| 000 | 00710nam a2200253Ia 4500 | ||
|---|---|---|---|
| 003 | OSt | ||
| 005 | 20220918221842.0 | ||
| 006 | a|||||r|||| 00| 0 | ||
| 007 | ta | ||
| 008 | 220917b |||||||| |||| 00| 0 eng d | ||
| 024 | _a210,384 | ||
| 037 | _cTextual | ||
| 040 |
_aARTS _cARTS _beng |
||
| 041 |
_2eng _aeng |
||
| 082 | _a2:(D65,8(B):71), P2 | ||
| 100 |
_aNair R.Raman _94411 |
||
| 245 | 0 | _aInternet for information services | |
| 260 |
_aNew Delh _bEss Ess publications _c2002 |
||
| 300 |
_a374 p _ccm. |
||
| 490 | _aInternet for information management series | ||
| 650 | _aLIBRARY SCIENCE | ||
| 942 |
_h2:(D65,8(B):71), P2 _cTEXL _2CC |
||
| 999 |
_c273811 _d273811 |
||